Textbook of Medicine / (Record no. 36080)

MARC details
000 -LEADER
fixed length control field 00479nam a22001817a 4500
005 - DATE AND TIME OF LATEST TRANSACTION
control field 20240709091119.0
008 - FIXED-LENGTH DATA ELEMENTS--GENERAL INFORMATION
fixed length control field 240709b |||||||| |||| 00| 0 eng d
020 ## - INTERNATIONAL STANDARD BOOK NUMBER
ISBN 9788184483888
082 ## - DEWEY DECIMAL CLASSIFICATION NUMBER
Classification number 615
Item number DAS-T
100 ## - MAIN ENTRY--AUTHOR
Author Name Das KV Krishna
245 ## - TITLE STATEMENT
Title Textbook of Medicine /
Statement of responsibility, etc. KV Krishna Das
250 ## - EDITION STATEMENT
Edition statement 5th ed.
260 ## - PUBLICATION, DISTRIBUTION, ETC.
Place of Publication India :
Name of publisher, distributor, etc. Jaypee Bro;
Date of publication, distribution, etc. 2008
300 ## - PHYSICAL DESCRIPTION
Pages ix;1466p.
500 ## - GENERAL NOTE
General note include index .
650 ## - SUBJECT ADDED ENTRY--TOPICAL TERM
Subject / Department Medical / Medicine
300 ## - PHYSICAL DESCRIPTION
-- ill;
-- 27.5 cm.
952 ## - LOCATION AND ITEM INFORMATION (KOHA)
-- 0
-- 0
952 ## - LOCATION AND ITEM INFORMATION (KOHA)
-- 0
-- 0
952 ## - LOCATION AND ITEM INFORMATION (KOHA)
-- 0
-- 0
952 ## - LOCATION AND ITEM INFORMATION (KOHA)
-- 0
-- 0
Holdings
Lost status Damaged status Collection code Permanent Location Current Location Shelving Location Date acquired Full Call Number Accession No./Barcode Date last seen Copy number item type Koha item type
    Medical Superior Information Resource Center (SIRC) Superior University- Main Campus Superior Information Resource Center (SIRC) Superior University- Main Campus Medicine 07/09/2024 615 DAS-T 2008 10163 07/09/2024 1 BOOK BOOK
    Medical Superior Information Resource Center (SIRC) Superior University- Main Campus Superior Information Resource Center (SIRC) Superior University- Main Campus Medicine 07/09/2024 615 DAS-T 2008 10164 07/09/2024 2 BOOK BOOK
    Medical Superior Information Resource Center (SIRC) Superior University- Main Campus Superior Information Resource Center (SIRC) Superior University- Main Campus Medicine 07/09/2024 615 DAS-T 2008 10166 07/09/2024 3 BOOK BOOK
    Medical Superior Information Resource Center (SIRC) Superior University- Main Campus Superior Information Resource Center (SIRC) Superior University- Main Campus Medicine 07/09/2024 615 DAS-T 2008 10167 07/09/2024 4 BOOK BOOK

Powered by Koha